|
|
|
|
| LEADER |
00000nam a22000007a 4500 |
| 008 |
230714b |||||||| |||| 00| 0 eng d |
| 020 |
|
|
|a 9780780298227
|
| 245 |
|
|
|a Harrap compact:
|b dictionary = dictionnaire
|c [edited by] Kate Nicholson
|g xv,574p
|
| 260 |
|
|
|b Spectrum
|c 2007
|h Ibadan
|i 691432
|l PC2640.H25
|m French language - Dictionary - English
|m French language - Dictionary - French
|
| 942 |
|
|
|a lcc
|c BK
|e AAR
|f 14:7:23
|
| 952 |
|
|
|0 0
|1 0
|2 lcc
|4 0
|6 PC2640 H25
|7 0
|9 4289
|a HOL
|b RF
|d 2023-07-14
|l 0
|o PC2640.H25
|p 2023-0216
|r 2023-07-14 00:00:00
|t 691432
|w 2023-07-14
|y BK
|
| 999 |
|
|
|c 2153
|d 2153
|